[Event "Cambridge op 3rd"]
[Site "Cambridge"]
[Date "2025.05.31"]
[Round "9"]
[White "Patel, Keatan"]
[Black "Hutchinson, Paul A"]
[Result "1/2-1/2"]
[WhiteElo "1958"]
[BlackElo "2054"]
[PlyCount "47"]
[EventDate "2025.05.26"]
[EventType "tourn"]
[EventRounds "9"]
[EventCountry "ENG"]
[SourceTitle "CB23_2025"]
[SourceDate "2025.06.04"]
[SourceVersion "1"]
[SourceVersionDate "2025.06.04"]
[SourceQuality "1"]

1. e4 d6 2. d4 Nf6 3. Nc3 g6 4. Be3 c6 5. f4 Bg7 6. Nf3 Bg4 7. Bd3 Nbd7 8. h3 Bxf3 9. Qxf3 e6 10. 0-0 0-0 11. Ne2 e5 12. c3 Qe7 13. g4 Kh8 14. Ng3 exf4 15. Bxf4 Ng8 16. Rae1 Rae8 17. Ne2 Ndf6 18. e5 dxe5 19. Bxe5 Qd7 20. Nf4 Rd8 21. a4 Nd5 22. Nxd5 Qxd5 23. Qxd5 Rxd5 24. Bc4 1/2-1/2

[Event "Cambridge op 3rd"]
[Site "Cambridge"]
[Date "2025.05.28"]
[Round "5"]
[White "Patel, Keatan"]
[Black "Kaushik, Madhav"]
[Result "1/2-1/2"]
[WhiteElo "1958"]
[BlackElo "1779"]
[PlyCount "44"]
[EventDate "2025.05.26"]
[EventType "tourn"]
[EventRounds "9"]
[EventCountry "ENG"]
[SourceTitle "CB23_2025"]
[SourceDate "2025.06.04"]
[SourceVersion "1"]
[SourceVersionDate "2025.06.04"]
[SourceQuality "1"]

1. e4 c5 2. Nf3 d6 3. Bb5+ Nd7 4. c3 Ngf6 5. Qe2 a6 6. Ba4 b5 7. Bc2 Bb7 8. 0-0 e6 9. d4 Be7 10. Re1 0-0 11. Nbd2 e5 12. d5 Qc7 13. b3 Rfc8 14. a4 c4 15. b4 g6 16. a5 Bf8 17. Nf1 Bg7 18. Ng3 Rf8 19. h3 Qd8 20. Nh2 h6 21. h4 Qe7 22. h5 Kh7 1/2-1/2

[Event "York ChessMates 12th"]
[Site "York"]
[Date "2025.03.22"]
[Round "4.4"]
[White "Lopes, Samuel"]
[Black "Patel, Keatan"]
[Result "1/2-1/2"]
[WhiteElo "2026"]
[BlackElo "1985"]
[PlyCount "40"]
[EventDate "2025.03.21"]
[EventType "team-swiss"]
[EventRounds "5"]
[EventCountry "ENG"]
[SourceTitle "CB13_2025"]
[SourceDate "2025.03.26"]
[SourceVersion "1"]
[SourceVersionDate "2025.03.26"]
[SourceQuality "1"]
[WhiteTeam "Rotterdam"]
[BlackTeam "England"]
[WhiteTeamCountry "NED"]
[BlackTeamCountry "ENG"]

1. e4 e5 2. Nf3 Nc6 3. Bb5 a6 4. Ba4 Nf6 5. 0-0 Be7 6. Re1 b5 7. Bb3 d6 8. c3 0-0 9. h3 Nb8 10. d4 Nbd7 11. Bc2 Bb7 12. Nbd2 Re8 13. Nf1 Bf8 14. Ng3 g6 15. d5 c6 16. dxc6 Bxc6 17. Be3 Qc7 18. Qe2 d5 19. Nd2 Bg7 20. Rad1 Rad8 1/2-1/2

[Event "British Rapidplay"]
[Site "Peterborough"]
[Date "2025.03.02"]
[Round "8"]
[White "Patel, Keatan"]
[Black "Ganti, Shriaansh"]
[Result "0-1"]
[WhiteElo "1985"]
[BlackElo "1980"]
[PlyCount "120"]
[EventDate "2025.03.01"]
[EventType "swiss (rapid)"]
[EventRounds "11"]
[EventCountry "ENG"]
[SourceTitle "CB10_2025"]
[SourceDate "2025.03.05"]
[SourceVersion "1"]
[SourceVersionDate "2025.03.05"]
[SourceQuality "1"]

1. e4 Nf6 2. d3 c5 3. Nc3 Nc6 4. g3 d6 5. Bg2 g6 6. f4 Bg7 7. Nf3 Rb8 8. a4 a6 9. 0-0 b5 10. axb5 axb5 11. h3 0-0 12. Kh2 Ne8 13. f5 e6 14. Bg5 f6 15. Bd2 exf5 16. exf5 Bxf5 17. Nh4 Bd7 18. Ne2 f5 19. Nf4 Ne7 20. Nf3 Bxb2 21. Rb1 Bf6 22. Qe2 Qc8 23. d4 cxd4 24. Nxd4 Be5 25. Nd3 Qc4 26. Nf3 Nc6 27. Nfxe5 Nxe5 28. Rb4 Qe6 29. Nf4 Qe7 30. Bd5+ Kg7 31. Bc3 Nf6 32. Re1 Rfe8 33. Bb3 Rbc8 34. Bb2 Kf8 35. Nd5 Nxd5 36. Bxd5 Ng4+ 37. Qxg4 fxg4 38. Rf4+ Bf5 39. Rxe7 Rxe7 40. hxg4 Rxc2+ 41. Kh3 Rxb2 42. gxf5 gxf5 43. Rxf5+ Kg7 44. Rg5+ Kf6 45. Rh5 Kg6 46. Rh4 h6 47. Bf3 b4 48. Rg4+ Kf6 49. Rf4+ Kg7 50. Bd5 Re5 51. Bf3 b3 52. Rb4 Rb1 53. Be4 Rxe4 54. Rxe4 b2 55. Kg4 Rf1 56. Re7+ Kf6 57. Rh7 b1Q 58. Rxh6+ Kg7 59. Rh5 Qg6+ 60. Kh4 Rh1# 0-1

[Event "British Rapidplay"]
[Site "Peterborough"]
[Date "2025.03.02"]
[Round "9"]
[White "Pearson, Charlie"]
[Black "Patel, Keatan"]
[Result "0-1"]
[WhiteElo "1668"]
[BlackElo "1985"]
[PlyCount "188"]
[EventDate "2025.03.01"]
[EventType "swiss (rapid)"]
[EventRounds "11"]
[EventCountry "ENG"]
[SourceTitle "CB10_2025"]
[SourceDate "2025.03.05"]
[SourceVersion "1"]
[SourceVersionDate "2025.03.05"]
[SourceQuality "1"]

1. e4 e5 2. Nf3 Nc6 3. Bb5 a6 4. Ba4 Nf6 5. 0-0 Be7 6. Re1 b5 7. Bb3 d6 8. h3 0-0 9. c3 Nb8 10. d4 Nbd7 11. Nbd2 Bb7 12. Bc2 Re8 13. Nf1 Bf8 14. Ng3 g6 15. Bd2 c5 16. d5 c4 17. Qc1 Nc5 18. Be3 Nfd7 19. b4 cxb3 20. axb3 Nb6 21. Bxc5 dxc5 22. Qd2 Nc8 23. Rad1 Nd6 24. Qg5 Qxg5 25. Nxg5 Ra7 26. Nf3 f6 27. Nf1 Rea8 28. b4 cxb4 29. cxb4 Nc4 30. Bb3 Bxb4 31. Re2 Nd6 32. N1h2 a5 33. Ng4 Kf7 34. Rc2 Bc8 35. Rc6 Bd7 36. Rc2 a4 37. Ba2 Ba5 38. Ngxe5+ fxe5 39. Nxe5+ Ke7 40. Nc6+ Bxc6 41. dxc6 Rc7 42. e5 Nc4 43. Bxc4 bxc4 44. Rxc4 Bb6 45. Ra1 a3 46. Ra2 Ra5 47. Kf1 Rxe5 48. Rxa3 Rc5 49. Rxc5 Bxc5 50. Ra6 Kd6 51. g4 Rf7 52. Ra2 Kxc6 53. Kg2 Kd5 54. Rd2+ Bd4 55. Kg3 Ke4 56. Ra2 g5 57. Re2+ Kd3 58. Ra2 Rc7 59. Ra8 Be5+ 60. Kg2 Rd7 61. Rf8 Bd4 62. Ra8 Rf7 63. Ra2 Rf6 64. Kg3 Rc6 65. Ra8 Ke2 66. Ra2+ Kf1 67. Rd2 Bb6 68. Rd7 Bxf2+ 69. Kf3 Rf6+ 70. Ke4 h6 71. Rh7 Bg3 72. Ra7 Kg2 73. Ra3 Kxh3 74. Rb3 Kxg4 75. Rb1 Rf4+ 76. Ke3 h5 77. Rd1 h4 78. Rb1 h3 79. Rh1 h2 80. Ke2 Re4+ 81. Kf1 Re1+ 82. Kg2 Rxh1 83. Kxh1 Kf4 84. Kg2 g4 85. Kh1 Ke3 86. Kg2 Bb8 87. Kh1 Ke2 88. Kg2 h1Q+ 89. Kxh1 Bh2 90. Kxh2 Kf2 91. Kh1 Kg3 92. Kg1 Kh3 93. Kh1 g3 94. Kg1 g2 0-1

[Event "British Rapidplay"]
[Site "Peterborough"]
[Date "2025.03.01"]
[Round "1"]
[White "Jones, Gawain C B"]
[Black "Patel, Keatan"]
[Result "1-0"]
[WhiteElo "2654"]
[BlackElo "1985"]
[PlyCount "65"]
[EventDate "2025.03.01"]
[EventType "swiss (rapid)"]
[EventRounds "11"]
[EventCountry "ENG"]
[SourceTitle "CB10_2025"]
[SourceDate "2025.03.05"]
[SourceVersion "1"]
[SourceVersionDate "2025.03.05"]
[SourceQuality "1"]

1. Nf3 Nf6 2. g3 d5 3. Bg2 e6 4. 0-0 Be7 5. c4 0-0 6. b3 d4 7. e3 dxe3 8. fxe3 c5 9. Bb2 Nc6 10. d4 Ng4 11. Qe2 Bf6 12. Rd1 Qc7 13. Nc3 a6 14. Ne4 Be7 15. d5 f5 16. d6 Qb6 17. dxe7 Nxe7 18. Nd6 Bd7 19. h3 Nf6 20. Ne5 Bc6 21. Nxc6 Nxc6 22. Qf3 Rad8 23. Nxb7 Rxd1+ 24. Rxd1 Ne4 25. Nd6 Nd4 26. exd4 Qxd6 27. dxc5 Qxc5+ 28. Kh2 Qc7 29. Qf4 Qc5 30. Rd7 Nf6 31. Qg5 Rf7 32. Rd8+ Rf8 33. Bxf6 1-0

[Event "British Rapidplay"]
[Site "Peterborough"]
[Date "2025.03.01"]
[Round "2"]
[White "Patel, Keatan"]
[Black "Bakhtiyarov, Kamronbek"]
[Result "1-0"]
[WhiteElo "1985"]
[BlackElo "1676"]
[PlyCount "105"]
[EventDate "2025.03.01"]
[EventType "swiss (rapid)"]
[EventRounds "11"]
[EventCountry "ENG"]
[SourceTitle "CB10_2025"]
[SourceDate "2025.03.05"]
[SourceVersion "1"]
[SourceVersionDate "2025.03.05"]
[SourceQuality "1"]

1. e4 e5 2. Nf3 Nf6 3. Nc3 Nc6 4. d4 exd4 5. Nxd4 Nxe4 6. Nxc6 Nxc3 7. Nxd8 Nxd1 8. Nxf7 Kxf7 9. Bc4+ Kf6 10. Kxd1 c6 11. h4 d5 12. Bg5+ Kf7 13. Bd3 Bc5 14. Kd2 h6 15. Bf4 Rf8 16. f3 Kg8 17. Bg3 Bf5 18. Bxf5 Rxf5 19. Rae1 Rf7 20. Re6 Re7 21. Rhe1 Rxe6 22. Rxe6 Kf7 23. Re2 Be7 24. h5 Bf6 25. c3 Re8 26. Rxe8 Kxe8 27. Kd3 Ke7 28. Bf2 a6 29. g4 Bg5 30. Bd4 Bf6 31. f4 Ke6 32. Be3 Be7 33. a4 Bd6 34. Ke2 Be7 35. Kf3 c5 36. Bd2 a5 37. c4 b6 38. Bc3 d4 39. Bd2 Bd6 40. Ke4 Be7 41. Be1 Bf6 42. b3 Be7 43. Bg3 Bf6 44. Be1 Be7 45. Bd2 Bd6 46. g5 hxg5 47. fxg5 Be7 48. Bf4 Bd8 49. Bd2 Be7 50. Bf4 Bd6 51. Bxd6 Kxd6 52. h6 gxh6 53. gxh6 1-0

[Event "British Rapidplay"]
[Site "Peterborough"]
[Date "2025.03.01"]
[Round "4"]
[White "Patel, Keatan"]
[Black "Surtees, Michael"]
[Result "0-1"]
[WhiteElo "1985"]
[BlackElo "2099"]
[PlyCount "154"]
[EventDate "2025.03.01"]
[EventType "swiss (rapid)"]
[EventRounds "11"]
[EventCountry "ENG"]
[SourceTitle "CB10_2025"]
[SourceDate "2025.03.05"]
[SourceVersion "1"]
[SourceVersionDate "2025.03.05"]
[SourceQuality "1"]

1. e4 c6 2. d4 d5 3. exd5 cxd5 4. Bd3 Nc6 5. c3 Qc7 6. h3 e6 7. Nf3 Bd6 8. 0-0 Nge7 9. Re1 Bd7 10. Qe2 a6 11. a4 Ng6 12. b4 0-0 13. Nbd2 Nf4 14. Qf1 Nxd3 15. Qxd3 Rac8 16. Bb2 Ne7 17. Ne5 Bxe5 18. dxe5 Ng6 19. Qg3 f6 20. Nf3 Qc4 21. h4 Qf4 22. h5 Qxg3 23. fxg3 Ne7 24. Nd4 fxe5 25. Rxe5 Nc6 26. Nxc6 Rxc6 27. b5 axb5 28. axb5 Rb6 29. c4 h6 30. cxd5 Rxb5 31. dxe6 Rxe5 32. Bxe5 Bxe6 33. Rc1 Rf5 34. Re1 Bd5 35. Bb2 Rxh5 36. Re7 Rg5 37. Kf2 Bc6 38. Rc7 Kh7 39. Bd4 h5 40. Be3 Rg6 41. Re7 h4 42. Bf4 hxg3+ 43. Bxg3 Rg4 44. Re3 Kg6 45. Rd3 Kf5 46. Rc3 Ke6 47. Rc2 Kd5 48. Rd2+ Kc4 49. Re2 Be4 50. Ra2 b5 51. Rb2 b4 52. Re2 b3 53. Rb2 Bc2 54. Be5 g6 55. g3 Re4 56. Bg7 Kd3 57. Kf3 Re7 58. Bh8 Kd2 59. Kf4 Kc1 60. Kg5 Re3 61. Kf4 Re8 62. Bg7 Ra8 63. Ke3 Ra2 64. Rxa2 bxa2 65. Ba1 Bf5 66. Ke2 Kb1 67. Kd2 Kxa1 68. Kc1 g5 69. g4 Bxg4 70. Kc2 Bf5+ 71. Kc1 g4 72. Kd2 Kb2 73. Ke2 a1Q 74. Kf2 Qa3 75. Kg2 Qf3+ 76. Kg1 Be4 77. Kh2 Qg2# 0-1

[Event "Isle of Wight op"]
[Site "Ryde"]
[Date "2025.02.23"]
[Round "9"]
[White "Patel, Keatan"]
[Black "Wilks, Simon"]
[Result "1/2-1/2"]
[WhiteElo "1957"]
[BlackElo "2089"]
[PlyCount "68"]
[EventDate "2025.02.18"]
[EventType "swiss"]
[EventRounds "9"]
[EventCountry "ENG"]
[SourceTitle "CB09_2025"]
[SourceDate "2025.02.27"]
[SourceVersion "1"]
[SourceVersionDate "2025.02.27"]
[SourceQuality "1"]

1. d4 Nf6 2. c4 e6 3. g3 Bb4+ 4. Bd2 c5 5. Bxb4 cxb4 6. Nf3 0-0 7. Bg2 d5 8. Nbd2 b6 9. 0-0 Bb7 10. Ne5 Nc6 11. Nxc6 Bxc6 12. Re1 Rc8 13. Rc1 dxc4 14. Bxc6 Rxc6 15. Rxc4 Rxc4 16. Nxc4 Qd5 17. b3 Rd8 18. e3 Ne4 19. Qf3 Rc8 20. Ne5 f6 21. Nd3 a5 22. Rc1 Rxc1+ 23. Nxc1 Nc3 24. Qf4 e5 25. dxe5 Qxe5 26. Qc4+ Qd5 27. Qc8+ Kf7 28. h4 h5 29. Kh2 Qf3 30. Nd3 Ne4 31. Qb7+ Kf8 32. Qc8+ Kf7 33. Qb7+ Kg6 34. Qd5 Kh7 1/2-1/2

[Event "Isle of Wight op"]
[Site "Ryde"]
[Date "2025.02.21"]
[Round "6"]
[White "Buchwald, Filip"]
[Black "Patel, Keatan"]
[Result "0-1"]
[WhiteElo "1636"]
[BlackElo "1957"]
[PlyCount "78"]
[EventDate "2025.02.18"]
[EventType "swiss"]
[EventRounds "9"]
[EventCountry "ENG"]
[SourceTitle "CB09_2025"]
[SourceDate "2025.02.27"]
[SourceVersion "1"]
[SourceVersionDate "2025.02.27"]
[SourceQuality "1"]

1. e4 c6 2. Nf3 d5 3. e5 Bf5 4. Nh4 Bd7 5. Nf3 h6 6. d4 Qc8 7. Bd3 Bf5 8. 0-0 Bxd3 9. Qxd3 e6 10. c3 Ne7 11. Na3 Qd8 12. Nc2 Nf5 13. Ne3 Nxe3 14. Bxe3 Be7 15. Nd2 Nd7 16. a4 c5 17. f4 cxd4 18. cxd4 0-0 19. f5 exf5 20. Rxf5 Qb6 21. Rh5 Rac8 22. Rf1 Qg6 23. Qe2 Rc2 24. Rh3 Bg5 25. Rg3 Qa6 26. Qxa6 Bxe3+ 27. Rxe3 bxa6 28. Nf3 Rxb2 29. Rc1 Nb6 30. Rc7 Nxa4 31. Rxa7 Rc8 32. Rxa6 Nc3 33. Kf1 Ne4 34. Re2 Rc1+ 35. Ne1 Rb4 36. e6 fxe6 37. Rxe6 Rxd4 38. Rb2 Rdd1 39. Re2 Nf6 0-1

[Event "Isle of Wight op"]
[Site "Ryde"]
[Date "2025.02.20"]
[Round "5"]
[White "Patel, Keatan"]
[Black "Kennedy, Craig"]
[Result "1-0"]
[WhiteElo "1957"]
[BlackElo "1879"]
[PlyCount "59"]
[EventDate "2025.02.18"]
[EventType "swiss"]
[EventRounds "9"]
[EventCountry "ENG"]
[SourceTitle "CB09_2025"]
[SourceDate "2025.02.27"]
[SourceVersion "1"]
[SourceVersionDate "2025.02.27"]
[SourceQuality "1"]

1. e4 e6 2. d4 d5 3. Nd2 dxe4 4. Nxe4 Nf6 5. Nxf6+ Qxf6 6. Nf3 h6 7. Bd3 Nc6 8. c3 Bd6 9. 0-0 0-0 10. Bc2 Bf4 11. Qd3 g6 12. Qe4 Bxc1 13. Raxc1 Ne7 14. Ne5 Nf5 15. Qf4 Qg5 16. Qxg5 hxg5 17. Rce1 Kg7 18. f4 f6 19. Nd3 g4 20. Nc5 Kf7 21. Bb3 Ng7 22. d5 Re8 23. dxe6+ Nxe6 24. Re3 b6 25. Nd3 Kf8 26. f5 gxf5 27. Rxf5 Kg7 28. Rf1 Bd7 29. Rfe1 Ng5 30. Re7+ 1-0

[Event "BCF-chT2 2425 (4NCL)"]
[Site "England"]
[Date "2025.01.26"]
[Round "4.46"]
[White "Patel, Keatan"]
[Black "Lee, Richard WY"]
[Result "1-0"]
[WhiteElo "1935"]
[BlackElo "2102"]
[PlyCount "99"]
[EventDate "2024.11.23"]
[EventType "team-tourn"]
[EventRounds "11"]
[EventCountry "ENG"]
[SourceTitle "CB14_2025"]
[SourceDate "2024.11.01"]
[SourceVersion "1"]
[SourceVersionDate "2024.11.01"]
[SourceQuality "1"]
[WhiteTeam "Warwicks Select II"]
[BlackTeam "Cambridge University"]
[WhiteTeamCountry "ENG"]
[BlackTeamCountry "ENG"]

1. c4 e6 2. Nf3 d5 3. d4 Nf6 4. g3 Be7 5. Bg2 0-0 6. 0-0 Nbd7 7. Qc2 c6 8. Nbd2 b6 9. e4 Bb7 10. e5 Ne8 11. cxd5 cxd5 12. Re1 Rc8 13. Qd1 Ba6 14. Bf1 Bxf1 15. Nxf1 Qc7 16. h4 Qc2 17. Qxc2 Rxc2 18. Ne3 Rc8 19. Bd2 g6 20. Rac1 Ng7 21. Ng4 Nf5 22. Nh6+ Kg7 23. Nxf5+ gxf5 24. Rxc8 Rxc8 25. Rc1 Rxc1+ 26. Bxc1 b5 27. Kf1 Nb8 28. Ke2 Nc6 29. Bd2 Kg6 30. Kd3 Nb4+ 31. Bxb4 Bxb4 32. a3 Be7 33. b4 Kh5 34. Ke2 Kg4 35. Nh2+ Kh3 36. Nf1 f4 37. Kf3 fxg3 38. fxg3 Bf8 39. Nd2 h5 40. Nb1 a6 41. Nc3 Be7 42. Ne2 f6 43. Nf4+ Kh2 44. Nxh5 fxe5 45. dxe5 a5 46. bxa5 Bxa3 47. a6 Bc5 48. Nf4 b4 49. Nd3 b3 50. h5 1-0

[Event "Huddersfield 4NCL op 32nd"]
[Site "Huddersfield"]
[Date "2025.01.19"]
[Round "5"]
[White "Patel, Keatan"]
[Black "Graham, Oliver"]
[Result "1-0"]
[WhiteElo "1935"]
[BlackElo "1789"]
[PlyCount "147"]
[EventDate "2025.01.17"]
[EventType "swiss"]
[EventRounds "5"]
[EventCountry "ENG"]
[SourceTitle "CB04_2025"]
[SourceDate "2025.01.22"]
[SourceVersion "1"]
[SourceVersionDate "2025.01.22"]
[SourceQuality "1"]

1. e4 e5 2. Nf3 Nc6 3. Bc4 Be7 4. d4 exd4 5. Nxd4 d6 6. Nc3 Nf6 7. 0-0 0-0 8. h3 Bd7 9. Be3 Nxd4 10. Qxd4 Be6 11. Bxe6 fxe6 12. Rad1 c6 13. e5 Nd5 14. exd6 Bxd6 15. Ne4 Bc7 16. c4 Nxe3 17. Qxe3 Qe7 18. Nc5 Bb6 19. Qxe6+ Qf7 20. Qxf7+ Rxf7 21. Ne4 Bc7 22. b3 b6 23. Rfe1 h6 24. Nd6 Bxd6 25. Rxd6 c5 26. Red1 Re8 27. Rd8 Rxd8 28. Rxd8+ Kh7 29. f3 Re7 30. Kf2 Kg6 31. g4 Kg5 32. Rd5+ Kg6 33. f4 Kf7 34. Rd6 Ke8 35. h4 Kf7 36. Rd5 Kg8 37. f5 Re4 38. Kf3 Re7 39. Rd3 Kf7 40. Kf4 Kf8 41. g5 hxg5+ 42. hxg5 Re2 43. a4 Rf2+ 44. Rf3 Rd2 45. Ke5 Ke7 46. Rh3 Rg2 47. Re3 Rg4 48. f6+ Kf8 49. Kf5 Rg2 50. fxg7+ Kxg7 51. Re7+ Kf8 52. Rxa7 Rg3 53. Kg6 Rxb3 54. Ra8+ Ke7 55. Kg7 Rb4 56. a5 bxa5 57. Rxa5 Rxc4 58. g6 Kd6 59. Kf8 Rf4+ 60. Kg8 Kd5 61. g7 Rg4 62. Kf7 Rf4+ 63. Kg6 Rg4+ 64. Kf6 Rg1 65. Ra7 c4 66. Ra5+ Kd4 67. Rg5 Rxg5 68. Kxg5 c3 69. g8Q c2 70. Qh8+ Kd3 71. Qb2 Kd2 72. Kf4 Kd1 73. Kf3 c1Q 74. Qe2# 1-0

[Event "Huddersfield 4NCL op 32nd"]
[Site "Huddersfield"]
[Date "2025.01.19"]
[Round "4"]
[White "Wedge, David C"]
[Black "Patel, Keatan"]
[Result "1/2-1/2"]
[WhiteElo "1863"]
[BlackElo "1935"]
[PlyCount "115"]
[EventDate "2025.01.17"]
[EventType "swiss"]
[EventRounds "5"]
[EventCountry "ENG"]
[SourceTitle "CB04_2025"]
[SourceDate "2025.01.22"]
[SourceVersion "1"]
[SourceVersionDate "2025.01.22"]
[SourceQuality "1"]

1. e4 c6 2. d4 d5 3. Nd2 dxe4 4. Nxe4 Bf5 5. Ng3 Bg6 6. Nf3 Nd7 7. h4 h6 8. h5 Bh7 9. Bd3 Bxd3 10. Qxd3 e6 11. Bd2 Ngf6 12. c4 Be7 13. 0-0 0-0 14. Rfe1 Qc7 15. Bc3 a5 16. a3 a4 17. Rad1 Rfd8 18. Qe2 Bf8 19. Ne5 Nxe5 20. dxe5 Nd7 21. Qg4 Nc5 22. Re3 Rxd1+ 23. Qxd1 Rd8 24. Qe2 Qd7 25. Kh2 Qd1 26. Ne4 Qxe2 27. Rxe2 Nxe4 28. Rxe4 Bc5 29. f3 Rd3 30. Kg3 Bxa3 31. Rd4 Rxd4 32. Bxd4 Be7 33. c5 Kh7 34. Kf2 g6 35. g4 gxh5 36. gxh5 Kg7 37. f4 Bd8 38. Ke2 Ba5 39. Kd3 Bb4 40. Be3 f5 41. Kc4 Ba5 42. Kd3 Bb4 43. Kc4 Be1 44. Kd3 Kf7 45. Bd2 Bf2 46. Be3 Bxe3 47. Kxe3 Ke7 48. Kd4 Kd7 49. Kc4 Kc7 50. Kb4 b5 51. cxb6+ Kxb6 52. Kxa4 c5 53. Kb3 Kb5 54. Kc3 c4 55. b3 cxb3 56. Kxb3 Kc5 57. Kc3 Kd5 58. Kd3 1/2-1/2

[Event "Huddersfield 4NCL op 32nd"]
[Site "Huddersfield"]
[Date "2025.01.17"]
[Round "1"]
[White "Patel, Keatan"]
[Black "Gormally, Daniel"]
[Result "0-1"]
[WhiteElo "1935"]
[BlackElo "2423"]
[PlyCount "60"]
[EventDate "2025.01.17"]
[EventType "swiss"]
[EventRounds "5"]
[EventCountry "ENG"]
[SourceTitle "CB04_2025"]
[SourceDate "2025.01.22"]
[SourceVersion "1"]
[SourceVersionDate "2025.01.22"]
[SourceQuality "1"]

1. e4 c5 2. Nf3 d6 3. Bb5+ Nd7 4. c3 Ngf6 5. Qe2 a6 6. Ba4 e6 7. 0-0 Be7 8. d4 cxd4 9. cxd4 b5 10. Bc2 Bb7 11. Rd1 0-0 12. Bd3 Re8 13. a4 b4 14. a5 Nf8 15. Nbd2 Ng6 16. Nf1 Nh5 17. g3 Nf6 18. h4 Qb8 19. Bd2 Bc6 20. Re1 Qb7 21. N3h2 Nf8 22. Ng4 Nxg4 23. Qxg4 Nd7 24. Qe2 Bf6 25. Rac1 Bxd4 26. Bxb4 Qxb4 27. Rxc6 Ne5 28. Rcc1 Bxf2+ 29. Kxf2 Qd4+ 30. Kg2 Nxd3 0-1

[Event "Sutton Coldfield Escott Memorial op"]
[Site "Sutton Coldfield"]
[Date "2024.12.15"]
[Round "4"]
[White "Patel, Keatan"]
[Black "Cannon, Richard James"]
[Result "1-0"]
[WhiteElo "1933"]
[BlackElo "1951"]
[PlyCount "141"]
[EventDate "2024.12.14"]
[EventType "swiss"]
[EventRounds "5"]
[EventCountry "ENG"]
[SourceTitle "CB51_2024"]
[SourceDate "2024.12.18"]
[SourceVersion "1"]
[SourceVersionDate "2024.12.18"]
[SourceQuality "1"]

1. e4 d6 2. d4 Nf6 3. Nc3 c6 4. Be3 Qa5 5. Qd2 e5 6. Nf3 Be7 7. h3 Nbd7 8. Be2 a6 9. 0-0 b5 10. a3 Qc7 11. Nh2 Bb7 12. d5 c5 13. Bf3 0-0 14. g4 Nb6 15. b3 Nfd7 16. Ne2 a5 17. Ng3 Rfc8 18. Nf5 Bf8 19. Rfc1 a4 20. b4 Nc4 21. Qe1 Nxe3 22. Nxe3 Nb6 23. Nhf1 Ba6 24. Rab1 g6 25. Be2 Bh6 26. bxc5 Qxc5 27. Qb4 Nc4 28. Qxc5 Rxc5 29. Bxc4 bxc4 30. c3 Bb5 31. Rb4 Ra5 32. Rcb1 Bf8 33. Kg2 h6 34. Nd2 h5 35. Ndxc4 Bxc4 36. Rxc4 hxg4 37. hxg4 Bh6 38. Rbb4 Bxe3 39. fxe3 f6 40. Rxc5 Rxc5 41. c4 Kg7 42. Rxa4 Kh6 43. Kf3 Kg5 44. Rb4 f5 45. gxf5 gxf5 46. exf5 Kxf5 47. e4+ Kg5 48. Ke3 Ra5 49. a4 Kf6 50. Rb6 Ke7 51. Rb4 Kd7 52. Kd3 Kc7 53. Kc3 Ra8 54. Kb3 Ra5 55. Rb5 Ra8 56. Kb4 Ra7 57. a5 Ra6 58. c5 dxc5+ 59. Rxc5+ Kb7 60. Kb5 Rh6 61. a6+ Ka7 62. Rc7+ Kb8 63. Re7 Rh1 64. Rxe5 Rb1+ 65. Kc6 Ra1 66. d6 Rxa6+ 67. Kd7 Ra7+ 68. Kd8 Rh7 69. Rb5+ Ka7 70. d7 Ka6 71. Rb2 1-0

[Event "Sutton Coldfield Escott Memorial op"]
[Site "Sutton Coldfield"]
[Date "2024.12.14"]
[Round "2"]
[White "Patel, Keatan"]
[Black "Honey, Luke Anthony"]
[Result "0-1"]
[WhiteElo "1933"]
[BlackElo "2001"]
[PlyCount "104"]
[EventDate "2024.12.14"]
[EventType "swiss"]
[EventRounds "5"]
[EventCountry "ENG"]
[SourceTitle "CB51_2024"]
[SourceDate "2024.12.18"]
[SourceVersion "1"]
[SourceVersionDate "2024.12.18"]
[SourceQuality "1"]

1. e4 c5 2. Nf3 Nf6 3. e5 Nd5 4. Nc3 e6 5. d4 Nc6 6. Nxd5 exd5 7. dxc5 Bxc5 8. c3 Qb6 9. Qc2 a5 10. Bd3 h6 11. 0-0 0-0 12. Bf4 Nd8 13. Qd2 Re8 14. Nd4 d6 15. exd6 Bxd6 16. Bxd6 Qxd6 17. Rfe1 Ne6 18. Nf5 Qd8 19. Re3 Qg5 20. h4 Qf4 21. Rd1 Qc7 22. Rg3 Kf8 23. Nxg7 Nf4 24. Nh5 Nxh5 25. Qxh6+ Ke7 26. Qxh5 Be6 27. Qg5+ Kf8 28. Qf6 Qd8 29. Qxd8 Rexd8 30. Rg5 Ke7 31. Re1 Kf6 32. g3 a4 33. a3 Rac8 34. Bb5 d4 35. cxd4 Rxd4 36. Rge5 Rc2 37. R5e2 Rc5 38. Be8 Rc8 39. Rxe6+ fxe6 40. Bh5 Rc2 41. Re2 Rxe2 42. Bxe2 Rd2 43. Bb5 Rxb2 44. Bxa4 b5 45. Bxb5 Rxb5 46. Kg2 Ra5 47. Kf3 Rxa3+ 48. Kg4 e5 49. f3 Kg6 50. h5+ Kh6 51. Kf5 Rxf3+ 52. Kxe5 Rxg3 0-1

[Event "BCF-chT2 2425 (4NCL)"]
[Site "England"]
[Date "2024.11.23"]
[Round "1.54"]
[White "Pitcher, John"]
[Black "Patel, Keatan"]
[Result "1/2-1/2"]
[WhiteElo "2147"]
[BlackElo "1973"]
[PlyCount "86"]
[EventDate "2024.11.23"]
[EventType "team-tourn"]
[EventRounds "11"]
[EventCountry "ENG"]
[SourceTitle "CB48_2024"]
[SourceDate "2024.11.28"]
[SourceVersion "1"]
[SourceVersionDate "2024.11.28"]
[SourceQuality "1"]
[WhiteTeam "Warwicks Select"]
[BlackTeam "Warwicks Select II"]
[WhiteTeamCountry "ENG"]
[BlackTeamCountry "ENG"]

1. e4 e5 2. Bc4 Nf6 3. d3 c6 4. Nf3 d5 5. Bb3 a5 6. Nc3 Bb4 7. a3 Bxc3+ 8. bxc3 a4 9. Ba2 Qc7 10. 0-0 0-0 11. exd5 cxd5 12. Bd2 Be6 13. Re1 Nbd7 14. Nxe5 Nxe5 15. Bf4 Nfd7 16. d4 Qxc3 17. dxe5 d4 18. Bd2 Qc6 19. Bb4 Rfc8 20. Qxd4 Nb6 21. Bxe6 Qxe6 22. Rad1 h6 23. Qe4 Qc6 24. Rd6 Qxe4 25. Rxe4 Nc4 26. Rdd4 b5 27. f4 Nb6 28. c3 Rd8 29. Kf2 Nd5 30. Ke2 g6 31. Kd2 Nb6 32. Kc2 Nc4 33. g3 Rac8 34. Rxd8+ Rxd8 35. Rd4 Re8 36. Kd3 f6 37. exf6 Re3+ 38. Kc2 Re2+ 39. Kd1 Rxh2 40. Rd7 Ne3+ 41. Ke1 Nc2+ 42. Kf1 Nxb4 43. cxb4 Ra2 1/2-1/2

[Event "British Rapidplay"]
[Site "Peterborough"]
[Date "2024.03.02"]
[Round "6"]
[White "Patel, Keatan"]
[Black "Dhingra, Kanvansh"]
[Result "1/2-1/2"]
[WhiteElo "1888"]
[BlackElo "1609"]
[PlyCount "138"]
[EventDate "2024.03.02"]
[EventType "swiss (rapid)"]
[EventRounds "11"]
[EventCountry "ENG"]
[SourceTitle "CBM 219 Extra"]
[Source "ChessBase"]
[SourceDate "2024.05.31"]
[SourceVersion "1"]
[SourceVersionDate "2024.05.31"]
[SourceQuality "1"]

1. Nf3 d5 2. d4 e6 3. c4 c6 4. Nc3 f5 5. Bf4 Nf6 6. e3 Bd6 7. Ne5 0-0 8. Bd3 Qe7 9. h3 Ne4 10. Qc2 g5 11. Bh2 Nd7 12. Nxd7 Bxd7 13. Bxd6 Qxd6 14. 0-0-0 a5 15. c5 Qc7 16. Na4 Ra7 17. Nb6 Be8 18. g4 Bg6 19. gxf5 exf5 20. Rdg1 Kh8 21. Bxe4 fxe4 22. Rxg5 Qf7 23. Rh2 Qf3 24. Rg3 Qf5 25. Na4 Raa8 26. Nc3 Qh5 27. Ne2 Qh6 28. Nf4 Rf6 29. Qb3 Rf7 30. Rhg2 Rg7 31. Qb6 a4 32. a3 Rag8 33. Qa5 Qh4 34. Qxa4 Qf6 35. Qd1 Qe7 36. Qg1 Qe8 37. h4 Qf7 38. h5 Bf5 39. b4 Rxg3 40. Rxg3 Rxg3 41. Qxg3 Qg7 42. Qxg7+ Kxg7 43. a4 Bd7 44. Kd2 Kf6 45. b5 cxb5 46. axb5 Bxb5 47. Nxd5+ Kg5 48. Nc3 Bd3 49. d5 Kf6 50. f3 Bc4 51. Nxe4+ Ke5 52. c6 Bxd5 53. cxb7 Bxb7 54. Nc5 Bxf3 55. h6 Kf5 56. Ke1 Kg6 57. Kf2 Ba8 58. Kg3 Kxh6 59. Ne6 Kg6 60. Kf4 h5 61. Ng5 Kf6 62. e4 Bxe4 63. Nxe4+ Ke6 64. Nd2 h4 65. Nf3 h3 66. Nh2 Kd5 67. Kf5 Kd4 68. Kg4 Ke3 69. Kg3 Ke2 1/2-1/2